Apertura e industria en el valle de aburra (Registro nro. 12566)

Detalles MARC
000 -LEADER
fixed length control field 00991nam a2200241Ia 4500
003 - CONTROL NUMBER IDENTIFIER
control field OSt
005 - DATE AND TIME OF LATEST TRANSACTION
control field 20210927122548.0
008 - FIXED-LENGTH DATA ELEMENTS--GENERAL INFORMATION
fixed length control field 210310s1996 ck gr 000 0 spa d
040 ## - CATALOGING SOURCE
Original cataloging agency CO-JMCR
Transcribing agency CO-JMCR
041 0# - LANGUAGE CODE
Language code of text/sound track or separate title spa
082 04 - DEWEY DECIMAL CLASSIFICATION NUMBER
Classification number 338.986126 /
Item number J371a
Edition number 23
100 ## - MAIN ENTRY--PERSONAL NAME
Personal name Alberto Jaramillo, Carlos Montoya, Mauricio Ramirez
9 (RLIN) 28588
245 10 - TITLE STATEMENT
Title Apertura e industria en el valle de aburra
Statement of responsibility, etc. Alberto Jaramillo J., Carlos Montoya, Mauricio Ramírez
260 ## - PUBLICATION, DISTRIBUTION, ETC.
Place of publication, distribution, etc. Medellín,
Name of publisher, distributor, etc. Universidad EAFIT,
Date of publication, distribution, etc. 1996.
300 ## - PHYSICAL DESCRIPTION
Extent 229 páginas ;
Dimensions 22 cm.
505 0# - FORMATTED CONTENTS NOTE
Formatted contents note la apertura y sus evaluaciones. -- Justificación, objetivos y metodología. -- Sector alimentos. -- Sector textil. -- Sector metalmecánico. -- Sector confección. -- Sector cuero y calzado.
650 14 - SUBJECT ADDED ENTRY--TOPICAL TERM
Topical term or geographic name entry element Sector confección
9 (RLIN) 40818
650 24 - SUBJECT ADDED ENTRY--TOPICAL TERM
Topical term or geographic name entry element Sector metalmecánico
9 (RLIN) 40819
650 24 - SUBJECT ADDED ENTRY--TOPICAL TERM
Topical term or geographic name entry element Sector textil
9 (RLIN) 40820
700 1# - ADDED ENTRY--PERSONAL NAME
Personal name Montoya, Carlos
Relator term autor
9 (RLIN) 40821
700 1# - ADDED ENTRY--PERSONAL NAME
Personal name Ramírez, Mauricio,
Relator term autor
9 (RLIN) 40822
942 ## - ADDED ENTRY ELEMENTS (KOHA)
Source of classification or shelving scheme Dewey Decimal Classification
Koha item type Books
Existencias
Withdrawn status Lost status Source of classification or shelving scheme Damaged status Not for loan Home library Current library Shelving location Date acquired Source of acquisition Full call number Barcode Date last seen Copy number Price effective from Koha item type
    Dewey Decimal Classification     Biblioteca Pública José María del Castillo y Rada Biblioteca Pública José María del Castillo y Rada General Stacks 04/15/2018 Donación 338.986126 / J371a 430004881 05/16/2024 Ej.1 03/10/2021 Books